000 00552nam a22001577a 4500
003 OSt
005 20151002090941.0
008 151002b xxu||||| |||| 00| 0 eng d
040 _cRUA
082 _aAVM លឹម 1989 B065 Or.1
100 _91711
_aលឹម គា
245 _aប្រៀបធៀបអំពីវិធីព្យាបាលដំបៅនៃប្រដាប់បន្តពូជខាងក្រៅរបស់មេជ្រូក
260 _aPhnom Penh
_bRUA
_c1989
300 _a74p.
_bill.
_c29cm.
942 _2ddc
_cAVM
999 _c1615
_d1615